000
00235nam a2200097Ia 4500
008
231107s2003 xx 000 0 und d
041
_a
eng
100
_a
futugawa Y.
245
_a
GA Houses 38
260
_a
Tokyo
_b
A.D.A. Editta pub.
_c
2003
999
_c
924350
_d
924350